NOT MANY BUT ONE : SHREE NARAYANA GURU'S PHILOSOPHY OF UNIVERSAL ONENESS VOL-1 (Record no. 8188)

MARC details
000 -LEADER
fixed length control field 00398nam a22001457a 4500
005 - DATE AND TIME OF LATEST TRANSACTION
control field 20221221130936.0
008 - FIXED-LENGTH DATA ELEMENTS--GENERAL INFORMATION
fixed length control field 221221b |||||||| |||| 00| 0 eng d
020 ## - INTERNATIONAL STANDARD BOOK NUMBER
ISBN 978-067-0-9399-1
041 ## - LANGUAGE CODE
Language code of text/sound track or separate title eng
100 ## - MAIN ENTRY--AUTHOR NAME
Personal name SASIDHARAN , G K
245 ## - TITLE STATEMENT
Title NOT MANY BUT ONE : SHREE NARAYANA GURU'S PHILOSOPHY OF UNIVERSAL ONENESS VOL-1
260 ## - PUBLICATION, DISTRIBUTION, ETC. (IMPRINT)
Name of publisher PANGUIN VIKING
300 ## - PHYSICAL DESCRIPTION
Number of Pages 455;P.
942 ## - ADDED ENTRY ELEMENTS (KOHA)
Koha item type Books
Holdings
Lost status Damaged status Collection code Home library Current library Shelving location Date acquired Source of acquisition Accession Number Koha item type
    LIFE SKILL JRU Library JRU Library SHELF-44-H 19/11/2022 DONATED 27278 Books